| 000 | 00924nam a2200361 a 4500 | ||
|---|---|---|---|
| 003 | AR-BaBNM | ||
| 005 | 20251128205650.0 | ||
| 008 | 082120s2002 ||||||||||||||000 | spa|| | ||
| 020 | _a84-277-1179-4 | ||
| 040 | _cAR-BaBNM | ||
| 100 | 1 | _aArber, Sara | |
| 245 | 0 | 0 |
_aRelación entre género y envejecimiento _benfoque sociológico |
| 250 | _a1ª ed. | ||
| 260 |
_aMadrid _bNarcea _c1996 |
||
| 300 | _a271 p. | ||
| 490 | 0 | _aColección Mujeres | |
| 500 | _aIncluye referencias bibliográficas p. 249 | ||
| 650 | 4 | _aSOCIOLOGIA CULTURAL | |
| 650 | 4 | _aMUJERES | |
| 650 | 4 | _aENVEJECIMIENTO | |
| 650 | 4 | _aVEJEZ | |
| 650 | 4 | _aTRABAJO | |
| 650 | 4 | _aMATRIMONIO | |
| 650 | 4 | _aVIDA FAMILIAR | |
| 650 | 4 | _aVIDA SOCIAL | |
| 650 | 4 | _aCALIDAD DE VIDA | |
| 650 | 4 | _aFACTORES SOCIALES | |
| 650 | 4 | _aCONDICIONES DE VIDA | |
| 650 | 4 | _aSERVICIOS SOCIALES | |
| 700 | 1 | _aGinn, Jay | |
| 942 | _cBK | ||
| 998 | _claura | ||
| 999 |
_c12308 _d12308 |
||